00729nam a2200241 a 4500001001300000003000900013005001700022008004100039020001000080082001800090100002100108245004600129260003900175300000900214500003500223505003400258650002300292700002100315902000800336942000700344952011900351999001700470nice12345678IN_TiNIC20260116013523.0050524s1991 dela grp 000 0 eng  ac15000a297.122bABD5 aAbdul Haq, Mahar aEducational Philosophy of the Holy Qur`an aDelhibNaushaba Publicationsc1991 a330p aincludes index and biblioraphy2 aBibliography, Glossary, Index aQuran-Appreciation1 aAbdul Haq, Mahar bSRS cBK 001040708StackRoom-aHMIbHMId2007-07-30g150.00l0o297.122 ABD5p017953r2007-07-30v150.00w2005-05-24yBK c11310d11310